|
|
|
|
| LEADER |
000000am a2200000 a 4500 |
| 001 |
ASi437 |
| 005 |
20230308174744.0 |
| 008 |
008021|2006 ||||||||r|||||||||||spa|| |
| 020 |
|
|
|a 9783822856987
|
| 040 |
|
|
|b spa
|
| 041 |
0 |
|
|a Es
|
| 082 |
0 |
|
|a 741.5
|b C782d
|
| 100 |
1 |
|
|a Cowan, Finlay
|9 79664
|
| 245 |
1 |
1 |
|a Dibujar y pintar mundos de fantasía
|c Finlay Cowan
|h imp
|
| 264 |
|
|
|a Barcelona
|b Evergreen
|c 2006
|
| 300 |
|
|
|a 121páginas:
|
| 504 |
|
|
|a Incl. ref.
|
| 520 |
3 |
|
|a En esta obra se explica como dibujar y pintar de forma tradicional y con medios digitales
|
| 650 |
1 |
|
|a Pintar fantasia
|9 79665
|
| 650 |
1 |
|
|a Dibujar mundo de fantasia
|9 79666
|
| 650 |
1 |
|
|a Fantasia dibujar y pintar
|9 79667
|
| 852 |
|
|
|a UC-YANUNCAY
|c SALA 2 (ARTES)
|f Compra
|k jhoanna.mogollon
|l 1
|m General
|p 20080214
|q 26,00
|t ASi437
|b 0
|d CDRY
|e CDRY
|g 741.5 C782d SALA 2 (ARTES)
|z 2008-80-21
|
| 942 |
|
|
|c BK
|0 7
|
| 999 |
|
|
|c 47722
|d 47722
|